Welcome to the Holygrace Academy Library

Please use search bar below to get started

ONE NIGHT@ THE CALL CENTER (Record no. 2635)

MARC details
000 -LEADER
fixed length control field 00295nam a22001337a 4500
020 ## - INTERNATIONAL STANDARD BOOK NUMBER
ISBN 978-81-291-0818-0
082 ## - DEWEY DECIMAL CLASSIFICATION NUMBER
Classification number 823
Item number BHA/O
100 ## - MAIN ENTRY--AUTHOR NAME
Personal name BHAGAT, CHETAN
245 ## - TITLE STATEMENT
Title ONE NIGHT@ THE CALL CENTER
260 ## - PUBLICATION, DISTRIBUTION, ETC. (IMPRINT)
Place of publication DELHI
Name of publisher RUPA & CO
Year of publication 2008
300 ## - PHYSICAL DESCRIPTION
Number of Pages 276
650 ## - SUBJECT ADDED ENTRY--TOPICAL TERM
Topical Term NOVEL
Geographic subdivision INDIA
942 ## - ADDED ENTRY ELEMENTS (KOHA)
Koha item type Books
Holdings
Withdrawn status Lost status Collection code Home library Current library Shelving location Date acquired Source of acquisition Cost, normal purchase price Full call number Accession Number Koha item type
    Fiction Main Library Main Library SHELF-14B -ALPHABETICAL -B--ENGLISH NOVELS & FICTIONS 15/06/2009 purchase 95.00 823 BHA/O 04858 Books
    Fiction Main Library Main Library SHELF-14B -ALPHABETICAL -B--ENGLISH NOVELS & FICTIONS 31/03/2016 purchase 176.00 823 BHA/O 09459 Books